000 00954nas a2200301 4500
001 BR0706241
003 BR-BrBNA
005 20231205111304.0
007 ta
008 230509b bl.|||p| |||| 00| 00por d
040 _aBR-BrBNA
_bpor
_cBiblioteca Nacional de Agricultura
041 _a(Pt)
072 _aL53
100 1 _aCavalcante, T.V.
100 1 _aEsper, C.R.
100 1 _aFerreira, J.L.
100 1 _aDias , F.E.F.
100 1 _aAzevedo, H.C.
100 1 _aCordeiro, M.F.
100 1 _aSouza, J.A.T.
245 1 _aAvaliação da atividade mitocondrial em espermatozóides pós-colheita e pós-descongelação de caprinos das raças Boer e Alpina no outono e primavera
650 _aCAPRINO
650 _aESPERMATOZÓIDE
650 _aMITOCONDRIA
773 0 _tArchives of Veterinary Science (Brazil)
_xISSN 1517-784X
_g(2005), v. 10(2) p. 89-93
_wBR0706241
909 _a202311
_bLúcia
_c55
_dLúcia Elande
942 _2AGRIS
_n0
_cANA
999 _c191849
_d191849